| 000 | 00723nam a22002417a 4500 | ||
|---|---|---|---|
| 999 |
_c170592 _d170592 |
||
| 005 | 20191218115546.0 | ||
| 010 | _aA-640053 | ||
| 020 | _c15.00 | ||
| 035 | _aA-640053 | ||
| 037 | _bBPPD/Pub. | ||
| 082 | _a840 | ||
| 100 | _aنند کشور وکرم | ||
| 245 |
_aعلمی اردو ادب 1993 : _cنند کشور وکرم |
||
| 246 |
_a1993 Alami urdu adab / _bby Nand Kishore Vikram |
||
| 260 |
_aDelhi _bNand Kishore Vikram _c1993 ء |
||
| 270 |
_bDelhi _aJ-6, Krishan Nagar _e110051 |
||
| 300 |
_a423p. _c21cm(Hb) |
||
| 650 | _aادب -- اردو | ||
| 650 | _a ادبی تنقید | ||
| 650 | _aLiterature -- Urdu | ||
| 650 | _aLiterary criticism | ||
| 942 |
_2ddc _cUR _h840 _mن ن د |
||